000 00337 a2200109 4500
001 ART_59384
005 20260410162051.0
008 260409a
245 1 0 _aNovedades para la actividad actoral en materia de seguridad social
100 1 _aSantacruz, Lidia M.
773 0 _tImpuestos
_g- N° 156 (sep. 2023)
_wREV45175
999 _c35832
_d35832